Pakistan and Malaysia : (Record no. 257585)

MARC details
000 -LEADER
fixed length control field 01311nam#a2200349#a 4500
001 - CONTROL NUMBER
control field vtls000296577
003 - CONTROL NUMBER IDENTIFIER
control field NLI
005 - DATE AND TIME OF LATEST TRANSACTION
control field 20210602132846.0
008 - FIXED-LENGTH DATA ELEMENTS--GENERAL INFORMATION
fixed length control field 101203s1989 ii b m 001 0 eng
020 ## - INTERNATIONAL STANDARD BOOK NUMBER
Terms of availability Rs. 0.75
039 #9 - LEVEL OF BIBLIOGRAPHIC CONTROL AND CODING DETAIL [OBSOLETE]
-- 201012031957
-- VLOAD
040 0# - CATALOGING SOURCE
Original cataloging agency NLI
Language of cataloging eng
Transcribing agency Entertech-FY 2010
Description conventions AACR2
041 0# - LANGUAGE CODE
Language code of text/sound track or separate title eng
044 ## - COUNTRY OF PUBLISHING/PRODUCING ENTITY CODE
MARC country code ii
082 04 - DEWEY DECIMAL CLASSIFICATION NUMBER
Classification number 954.7
100 1# - MAIN ENTRY--PERSONAL NAME
Personal name Nazrul-Islam, M.,
Dates associated with a name 1943-
9 (RLIN) 463200
245 10 - TITLE STATEMENT
Title Pakistan and Malaysia :
Remainder of title a comparative study in national integration /
Statement of responsibility, etc. M. Nazrul-Islam
260 ## - PUBLICATION, DISTRIBUTION, ETC.
Place of publication, distribution, etc. New Delhi :
Name of publisher, distributor, etc. Sterling Publishers,
Date of publication, distribution, etc. c1989
300 ## - PHYSICAL DESCRIPTION
Extent xvi, 282 p. :
Other physical details maps ;
Dimensions 23 cm.
500 ## - GENERAL NOTE
General note Outcome of the author's thesis (Ph. D.--School of Modern Asian Studies, Griffith University, Australia, 1980)
504 ## - BIBLIOGRAPHY, ETC. NOTE
Bibliography, etc. note Includes bibliographical references and index
651 #0 - SUBJECT ADDED ENTRY--GEOGRAPHIC NAME
Geographic name Pakistan
General subdivision Politics and government
9 (RLIN) 7242
651 #0 - SUBJECT ADDED ENTRY--GEOGRAPHIC NAME
Geographic name Malaysia
General subdivision Politics and government
9 (RLIN) 213741
651 #0 - SUBJECT ADDED ENTRY--GEOGRAPHIC NAME
Geographic name Pakistan
General subdivision Economic policy
9 (RLIN) 197017
651 #0 - SUBJECT ADDED ENTRY--GEOGRAPHIC NAME
Geographic name Malaysia
General subdivision Economic policy
9 (RLIN) 217833
887 ## - NON-MARC INFORMATION FIELD
Content of non-MARC field
901 ## - LOCAL DATA ELEMENT A, LDA (RLIN)
a DB55788
b 3.10.1989
902 ## - LOCAL DATA ELEMENT B, LDB (RLIN)
a E 954.7 N 239
949 ## - LOCAL PROCESSING INFORMATION (OCLC)
-- VIRTUAITEM
-- 10000
-- 100
6 DBA000055788ENG
942 ## - ADDED ENTRY ELEMENTS (KOHA)
Source of classification or shelving scheme Dewey Decimal Classification
Koha item type Books
Holdings
Withdrawn status Lost status Damaged status Not for loan Collection code Home library Current library Shelving location Date acquired Total Checkouts Full call number Barcode Date last seen Price effective from Koha item type
        New English National Library of India National Library of India New English - Main Stack Division     E 954.7 N 239 DBA000055788ENG 02/06/2021 02/06/2021 Books
                                                                           
web counter

Copyright ©2020 The National Library of India, Govt. of India ↔ Hosted by NVLI, MOC ↔ Technology and Design by National Library of India, Ministry of Culture, Govt. of India